000 00574nam a2200193Ia 4500
003 GCL
008 140319s9999 xx 000 0 ara d
040 _aGCL /
_cGCL
082 0 4 _aط
_b813.087
_bد ع
100 1 _aدار نهضة مصر للطباعة والنشر
245 1 0 _aالعدو الغامض /
_cدار نهضة مصر للطباعة والنشر
300 _a24 ص
490 _aنينجا
_v0
650 0 4 _aالاطفال
650 0 4 _aقصص الاطفال
650 0 4 _aادب الاطفال
650 0 4 _aقصص المغامرات
942 _2ddc
_cBK
999 _c51278
_d51278